000 00684nam a2200217 a 4500
001 54130
003 BD-RjUL
005 20211209080057.0
008 161102s1995 ii b 000 0 eng
020 _z8185951221 (jacket) :
_cRs175.00
035 _a(BD-RjUL)54252
040 _aDLC
_cDLC
_beng
_dBD-RjUL
041 _aeng
082 0 0 _a823
_220
_bLAL 1995
100 1 _aLal, Malashri.
_9143413
245 1 4 _aThe law of the threshold :
_bwomen writers in Indian English /
_cMalashri Lal.
260 _aShimla :
_bIndian Institute of Advanced Study,
_c1995.
300 _a167 p. ;
_c23 cm.
650 0 _aEnglish fiction
_xWomen authors
_xHistory and criticism.
_9161619
942 _2ddc
_cBK
999 _c54130
_d54130